[Event "XIX Sant Marti Open 2017"]
[Site "Barcelona"]
[Date "2017.07.16"]
[Round "3.1"]
[White "Peralta, Fernando"]
[Black "Grafl, Florian"]
[Result "1/2-1/2"]
[WhiteElo "2564"]
[BlackElo "2374"]
[Annotator "TA"]
[PlyCount "61"]
[EventDate "2017.??.??"]
[EventType "swiss"]
[EventCountry "ESP"]
[SourceTitle "playchess.com"]
[Source "ChessBase"]
[SourceQuality "1"]

{[%evp 19,61,39,42,30,37,29,35,10,23,-4,0,-3,-9,-15,-16,-20,-16,-31,-27,-27,-35,-27,-9,-32,-29,-41,-18,-39,-34,-32,0,-14,0,-34,-33,-44,-25,-22,0,-47,0,-54,0,-52]} 1. d4 Nf6 2. c4 g6 3. Nc3 Bg7 4. e4 O-O 5. Nf3 c6 6. Bd3 d5 {E70: King's Indian: Miscellaneous lines with 4 e4, including 5 Nge2 and 5 Bd3 0-0 6 Nge2} 7. e5 Ne8 8. h3 Nc7 9. O-O dxc4 10. Bxc4 Nd7 {LiveBook: 3 Games} 11. Re1 (11. Be3 Nb6 12. Bb3 Be6 13. Bc2 f6 14. Re1 Kh8 15. Ne4 {½-½ (81) Inarkiev,E (2668)-Jobava,B (2673) Minsk 2015}) 11... Nb6 12. Bf1 $146 ({Predecessor:} 12. Bb3 Be6 13. a4 Bxb3 14. Qxb3 Rb8 15. a5 {0-1 (98) Nemet,I (2425)-Rogers,I (2565) Biel 1991}) 12... Be6 13. Ne4 Bd5 14. Qc2 f5 15. exf6 exf6 16. b3 Re8 17. Ba3 Bf8 (17... f5 {with more complications.} 18. Ned2 Ne6 19. Bb2 Qc7 20. Rad1 Rad8) 18. Bxf8 Bxe4 19. Rxe4 Rxe4 20. Qxe4 {[#] Bh6 is the strong threat.} Qxf8 21. a3 Qd6 22. b4 a6 23. Qc2 Ne6 24. Re1 Kf7 25. a4 Rc8 (25... Re8 $5 {[%cal Re6d4]}) 26. Rd1 Rc7 ({Reject} 26... Qxb4 $6 27. Rb1 $16) 27. Qb3 Qd5 28. Qc2 {[#] Threatens to win with a5.} Qd6 29. Qb3 $1 Qd5 30. Qa3 (30. Qc2 $11) 30... Qd6 31. Qb3 $1 {Precision: White = 32%, Black = 42%.} 1/2-1/2

[Event "XIX Sant Marti Open 2017"]
[Site "Barcelona"]
[Date "2017.07.16"]
[Round "3.2"]
[White "Tissir, Mohamed"]
[Black "Grigoryan, Karen H"]
[Result "1/2-1/2"]
[WhiteElo "2354"]
[BlackElo "2555"]
[Annotator "TA"]
[PlyCount "58"]
[EventDate "2017.??.??"]
[EventType "swiss"]
[EventCountry "ESP"]
[SourceTitle "playchess.com"]
[Source "ChessBase"]
[SourceQuality "1"]

{[%evp 19,58,0,0,-10,16,8,33,30,30,21,30,25,20,22,45,17,19,8,49,0,-8,-12,0,-50,-50,-48,-38,-59,-7,-6,0,0,112,116,126,136,177,150,217,214,207]} 1. e4 c5 2. Nf3 d6 3. d4 cxd4 4. Nxd4 Nf6 5. Nc3 a6 6. Bc4 b5 7. Bb3 Bb7 8. O-O Nbd7 9. Re1 Nc5 10. Qf3 e6 11. a3 {B86: Sicilian Scheveningen/Najdorf: 6 Bc4, without early ...b5} (11. Bd5 $5 exd5 12. exd5+ Kd7 13. Nc6 (13. b4 Na4 $11) 13... Bxc6 14. dxc6+ Kc8 15. Bg5 $14) 11... Nxb3 12. cxb3 Be7 13. Qg3 {White is slightly better.} O-O 14. Bh6 {[%csl Gh6][%cal Rg3g7] [#]} Ne8 $1 15. Be3 Kh8 16. Rad1 Qc7 17. Nf3 $146 e5 18. Nh4 g6 19. f4 (19. Bh6 $14) 19... Ng7 $11 {Threatens to win with ...exf4.} 20. fxe5 dxe5 21. Nd5 Bxd5 $1 22. exd5 Bd6 23. Bh6 f5 (23... Rfe8 $15) 24. Rc1 Qf7 25. Nf3 Rae8 {[#]} (25... Qxd5 $11 {keeps the balance.} 26. Red1 Qe6) 26. Ng5 $1 $36 {[%cal Rg5f7][%mdl 2048] White is on the roll.} Qa7+ 27. Kh1 Rf6 {White is clearly better.} 28. Rc6 Nh5 (28... Qe7 $16 {might work better.} 29. Bxg7+ (29. Rxa6 Bb4 $16) 29... Kxg7) 29. Qc3 $18 {Strongly threatening Rxd6!} Qd7 {Precision: White = 55%, Black = 30%.} 1/2-1/2

[Event "XIX Sant Marti Open 2017"]
[Site "Barcelona"]
[Date "2017.07.16"]
[Round "3.3"]
[White "Henriquez Villagra, Cristobal"]
[Black "Morales, Jhon Alexander"]
[Result "1-0"]
[WhiteElo "2532"]
[BlackElo "2355"]
[Annotator "TA"]
[PlyCount "101"]
[EventDate "2017.??.??"]
[EventType "swiss"]
[EventCountry "ESP"]
[SourceTitle "playchess.com"]
[Source "ChessBase"]
[SourceQuality "1"]

{[%evp 26,101,37,20,26,27,29,25,31,28,36,42,45,35,58,47,61,56,84,73,85,62,79,76,120,43,87,42,169,24,28,17,50,30,45,0,0,0,0,0,0,-7,0,-8,0,-31,-31,-28,-10,-14,-14,-14,-10,-14,-11,-10,0,0,0,0,106,101,284,268,236,282,552,527,639,651,800,794,788,786,772,761,731,474]} 1. e4 c5 2. Nf3 d6 3. Bb5+ Bd7 4. Bxd7+ Nxd7 5. b3 Ngf6 6. Qe2 e6 7. Bb2 Be7 8. O-O O-O 9. c4 a6 10. d4 cxd4 11. Nxd4 Rc8 12. Nc3 Qa5 13. Rac1 {B52: Sicilian: Moscow Variation with 3...Bd7} Rfe8 (13... Bd8 14. Kh1 Bb6 15. Rfd1 Rfd8 16. f4 Ba7 17. Nf3 Ng4 18. Rf1 Be3 19. Rcd1 Bxf4 20. Nd4 Qg5 {½-½ (77) Carlsen,M (2853)-Nakamura,H (2787) chess.com INT 2016}) 14. Kh1 {LiveBook: 3 Games} Qh5 15. Qxh5 {White has an edge.} Nxh5 16. Rcd1 $146 Nhf6 17. Rfe1 Red8 18. g3 Kf8 19. Kg2 Ke8 20. f4 Rc7 21. h3 Nf8 22. Re3 Rdc8 23. Rde1 Kd8 24. Nf3 N6d7 25. g4 (25. Ba3 $16) 25... Rb8 26. Kg3 b6 {[#]} (26... b5 $14) 27. e5 (27. Nd5 $1 $18) 27... dxe5 $11 28. fxe5 b5 29. cxb5 axb5 30. Ne4 Ra8 31. a3 Rc2 32. Bc3 {And now Nd4 would win.} Ng6 (32... Rxa3 $6 33. Nd4 $16) 33. h4 {aiming for h5.} b4 ({Wrong is} 33... Rxa3 $2 34. h5 $18) 34. axb4 {Strongly threatening h5.} Raa2 {( -> ...Rg2+)} 35. Ned2 Nb6 {Threatens to win with ...Nd5.} 36. h5 {[#]} Nf4 $1 {[%mdl 512]} 37. Kxf4 {Rd3+ is the strong threat.} Nd5+ 38. Kg3 Nxc3 39. Rd3+ Ke8 40. b5 Nd5 41. Re4 Nc3 42. Rc4 $36 {[%mdl 2048] White has some pressure.} Ne2+ {[#]} (42... Nxb5 $11 43. Ne4 h6) 43. Kf2 $1 $16 {[%cal Rf2e2]} Nc1 $2 (43... Rxc4 $16 44. bxc4 Nf4) 44. Rdc3 $18 Rxc3 45. Rxc3 Bc5+ $2 (45... Ra1 {is a better defense.} 46. Ke3 Bd8) 46. Kg2 {White is clearly winning.} Bb4 47. Rc8+ ({Less strong is} 47. Rxc1 Bxd2 48. Nxd2 Rxd2+ 49. Kf1 Rd7 $16) 47... Ke7 48. b6 {[%cal Bb5b6,Bb6b7][%mdl 32] Intending b7 and mate.} ({Weaker is} 48. Rxc1 Bxd2 49. Nxd2 Rxd2+ 50. Kf1 Rd7 $16) 48... Bxd2 49. b7 {Threatening mate with Rc7+.} Be3+ 50. Kh3 {White threatens Rc7+ and mate.} Ba7 51. Ra8 {Precision: White = 54%, Black = 37%.} 1-0

[Event "XIX Sant Marti Open 2017"]
[Site "Barcelona"]
[Date "2017.07.16"]
[Round "3.4"]
[White "Gutierrez Olivares, Daniel"]
[Black "Asis Gargatagli, Hipolito"]
[Result "1/2-1/2"]
[WhiteElo "2352"]
[BlackElo "2505"]
[Annotator "TA"]
[PlyCount "47"]
[EventDate "2017.??.??"]
[EventType "swiss"]
[EventCountry "ESP"]
[SourceTitle "playchess.com"]
[Source "ChessBase"]
[SourceQuality "1"]

{[%evp 14,47,33,-7,0,3,0,-2,-1,0,10,-10,0,-9,8,-10,-11,-28,0,0,0,-20,-23,-25,-14,-30,-34,-23,0,0,0,-25,0,0,0,-49]} 1. e4 c5 2. Nf3 d6 3. Bb5+ Nd7 4. c3 Ngf6 5. Qe2 a6 6. Ba4 b5 7. Bc2 Bb7 {B51: Sicilian: Moscow Variation (3 Bb5+) without 3...Bd7} 8. d3 {LiveBook: 8 Games} (8. d4 e6 9. O-O Be7 10. Nbd2 Qc7 11. Bd3 Nh5 12. g3 Nhf6 13. b3 O-O 14. Bb2 c4 15. Bc2 cxb3 16. axb3 {½-½ (95) Ponomariov,R (2712)-Vidit,S (2692) Khanty-Mansiysk 2017}) 8... e6 9. O-O Be7 10. Rd1 Qc7 $146 ({Predecessor:} 10... O-O 11. Nbd2 Re8 12. Nf1 Nf8 13. Ng3 Ng6 14. h3 Qc7 15. d4 Rec8 16. Bd3 c4 {0-1 (59) Messinger,K (1703)-Muheim,S (2013) St Chely d'Aubrac 2008}) 11. h3 Rc8 12. Nbd2 O-O 13. Nf1 Ne5 14. Ne1 Ng6 15. d4 cxd4 16. cxd4 Qc4 17. Qe3 Bd8 18. Bb3 Qc6 19. Ng3 Bb6 {[%cal Rf6e4]} ({Wrong is} 19... Nxe4 $2 20. d5 $18) 20. Qf3 Nh4 21. Qf4 Ng6 22. Qf3 $1 Nh4 23. Qf4 Ng6 24. Qf3 $1 {Precision: White = 68%, Black = 45%.} 1/2-1/2

[Event "XIX Sant Marti Open 2017"]
[Site "Barcelona"]
[Date "2017.07.16"]
[Round "3.5"]
[White "Rios Parra, Alejandro"]
[Black "Cuartas, Jaime Alexander"]
[Result "0-1"]
[WhiteElo "2342"]
[BlackElo "2501"]
[Annotator "TA"]
[PlyCount "106"]
[EventDate "2017.??.??"]
[EventType "swiss"]
[EventCountry "ESP"]
[SourceTitle "playchess.com"]
[Source "ChessBase"]
[SourceQuality "1"]

{[%evp 19,106,29,18,4,16,16,12,10,26,-19,7,0,0,-7,32,21,33,25,38,0,0,0,0,0,14,-113,-109,-93,-115,-122,-125,-126,-64,-63,-62,-94,-100,-83,-43,-79,-81,-68,-67,-122,-13,-15,-16,-34,-7,-7,-7,-6,-7,-8,0,-6,-8,-11,0,0,17,0,0,0,0,-34,-45,-78,-87,-122,-112,-116,-131,-141,-141,-141,-141,-201,-141,-154,-145,-401,-369,-554,-546,-529,-516,-522,-502]} 1. e4 c5 2. Nf3 Nc6 3. d4 cxd4 4. Nxd4 g6 5. Nc3 Bg7 6. Be3 Nf6 7. Bc4 Qa5 8. O-O O-O 9. Nb3 Qc7 10. f4 {B35: Sicilian: Accelerated Dragon with 5 Nc3: main line} (10. Be2 d6 11. Nd5 Qd8 12. Nxf6+ Bxf6 13. c3 Rb8 14. f4 a6 15. a4 b6 16. Bf3 Qc7 17. Qe2 Na5 {0-1 (47) Bok,B (2596)-Kuzubov,Y (2643) Moscow 2017}) 10... d6 {LiveBook: 46 Games} 11. h3 b6 12. Be2 {The position is equal.} Bb7 13. Bf3 Nd7 14. Rf2 $146 ({Predecessor:} 14. Nd5 Qd8 15. Nd4 Nxd4 16. Bxd4 e5 17. Bc3 exf4 18. Bxg7 Kxg7 19. Nxf4 {½-½ (68) Datsuk,T-Matjushin,G (2249) Kiev 1999}) 14... Na5 (14... Bxc3 $5 15. bxc3 Nd8 $15) 15. Nxa5 bxa5 16. Rb1 (16. Nb5 $5 {[%cal Rb5c7]} Qd8 17. Rb1 $11) 16... Nb6 17. Nd5 Bxd5 18. exd5 Rab8 19. Bd4 Qc4 $36 {[%mdl 2048] Black has the initiative.} 20. Bxg7 Kxg7 21. Qe1 Rb7 22. g3 (22. b3 $11 {keeps the balance.} Qxf4 23. Qxa5) 22... Qxa2 $17 23. b3 {[#] Qc3+ is the strong threat.} Qa3 $1 24. Ra1 Qb4 25. Kf1 Qb5+ (25... Qxe1+ $17 26. Kxe1 {[#]} a4 $1 {[%mdl 512]} 27. bxa4 Rc8) 26. Be2 $1 $15 {[%cal Re2b5]} Qd7 $1 {[%cal Rd7h3]} 27. Rxa5 Qxh3+ 28. Rg2 Qh1+ (28... Nd7 {keeps more tension.} 29. Kg1 Nf6 30. Rh2 Qd7 31. Ba6 Rc7) 29. Kf2 Qxe1+ 30. Kxe1 Rc7 31. c4 ({White should play} 31. Kd2 $15) 31... e6 (31... Nd7 $17 32. Bd1 Nc5) 32. dxe6 $1 $11 fxe6 33. Bg4 Kf6 (33... h5 $5 {[%cal Rh5g4]} 34. Bd1 (34. Bxe6 $2 Re8 $19) 34... Nc8 $11) 34. Rd2 Nc8 35. Re2 Re8 36. Ra6 Ree7 37. Kd2 Nb6 38. Kd3 e5 (38... h5 $5 {[%cal Rh5g4]} 39. Bf3 d5 $11) 39. fxe5+ dxe5 40. Ke4 Kg5 41. Bh3 Nd7 {Strongly threatening ...Nc5+.} 42. Bxd7 Rcxd7 {[%mdl 4096] Endgame KRR-KRR} 43. c5 Rd4+ 44. Ke3 Rb4 45. Rb2 Rc7 46. c6 Kf5 47. Kf2 Ke6 48. Kg2 (48. Ra5 $17) 48... h5 49. Kh3 Rb6 50. Rxb6 $4 {[%mdl 8192]} (50. Ra5 $17) 50... axb6 $19 51. g4 (51. Rc2 {is a better defense.} Kd6 52. Rd2+ Kxc6 53. Rd8) 51... hxg4+ {Black is clearly winning.} 52. Kxg4 Rxc6 53. Rd2 Rc3 {Precision: White = 33%, Black = 53%.} 0-1

[Event "XIX Sant Marti Open 2017"]
[Site "Barcelona"]
[Date "2017.07.16"]
[Round "3.6"]
[White "Himanshu, Sharma"]
[Black "Perpinya Rofes, Lluis Maria"]
[Result "1/2-1/2"]
[WhiteElo "2498"]
[BlackElo "2352"]
[Annotator "TA"]
[PlyCount "85"]
[EventDate "2017.??.??"]
[EventType "swiss"]
[EventCountry "ESP"]
[SourceTitle "playchess.com"]
[Source "ChessBase"]
[SourceQuality "1"]

{[%evp 9,85,4,27,22,39,9,10,14,12,0,8,-4,0,-22,0,0,0,-47,9,20,16,2,6,13,21,10,33,21,34,26,29,0,0,0,0,0,0,0,8,-94,-64,-63,-68,-67,-65,-60,-67,-97,-67,-90,-33,-120,-28,-18,-28,-28,-8,-8,-8,-101,0,0,0,-17,-8,-8,0,0,0,-8,0,0,0,-8,-8,-8,0,-8]} 1. e4 c5 2. Nc3 Nc6 3. Nge2 d6 4. g3 g6 5. d4 {[%cal Bd2d4,Bd4d5][%mdl 32]} (5. Bg2 Bg7 6. d3 e5 7. O-O Nge7 8. a3 O-O 9. Rb1 h6 10. b4 b6 11. Be3 Nd4 12. Qd2 Kh7 13. f4 Be6 14. bxc5 dxc5 15. fxe5 g5 16. Nc1 {0-1 (27) Eljanov,P (2716)-Najer,E (2663) Netanya 2009}) 5... Bg4 6. d5 $1 {[%cal Rd5c6] B23: Closed Sicilian: Lines without g3} Nd4 {( -> ...Nf3#)} 7. Nxd4 (7. Bg2 {is interesting.} Bg7 8. h3 Nxe2 9. Nxe2 Bd7 10. O-O) 7... Bxd1 8. Bb5+ {[#]} Qd7 $1 {[%mdl 512]} 9. Nxd1 (9. Bxd7+ Kxd7) 9... cxd4 10. Bxd7+ Kxd7 11. b3 $146 ({Predecessor:} 11. c3 Bg7 12. cxd4 Bxd4 {½-½ (63) Kassebaum,R (2335)-Mainka,R (2485) Germany 1994}) 11... Rc8 12. Bb2 Bg7 13. Kd2 (13. Ne3 $5) 13... Nf6 ({Black should try} 13... f5 $15 14. f3 Nf6) 14. Kd3 $11 Ng4 15. f4 f5 16. exf5 $1 Rc5 17. h3 Nf6 18. Bxd4 Rxd5 19. c3 $1 {Threatens to win with Ne3.} gxf5 20. Ne3 e5 $1 $36 {[%cal Re5d4][%mdl 2048] Black is pushing.} 21. Nxd5 Nxd5 22. fxe5 dxe5 23. Be3 Rc8 24. Rac1 (24. c4 $11 e4+ 25. Ke2 Nxe3 26. Kxe3 Bxa1 27. Rxa1) 24... Nxe3 25. Kxe3 $17 {[%mdl 4096] Endgame KRR-KRB} Bh6+ 26. Ke2 {And now Rcd1+ would win.} Bxc1 27. Rxc1 $15 {KR-KR} Ke6 28. a4 a5 29. c4 Rg8 (29... Rc6 $17) 30. g4 ({White should play} 30. Kf2 $1 $15) 30... fxg4 ({Better is} 30... f4 $1 $17 31. Rd1 h5 $1 {[%mdl 512]} 32. gxh5 Rg2+ 33. Kf1 Rg5) 31. hxg4 $11 Rxg4 32. Rh1 Rg3 33. Rh6+ Kf5 34. Rh5+ {[#]} (34. b4 $1 $11 {keeps the balance.}) 34... Ke4 (34... Kf4 $1 $17 35. Rh4+ Kg5 36. Rxh7 Rxb3) 35. Rh4+ {The position is equal.} Kf5 36. b4 axb4 {Strongly threatening ...b3.} 37. Rxh7 Rg2+ 38. Kf3 Rc2 39. Rxb7 Rc3+ 40. Ke2 Rxc4 41. a5 Rc2+ 42. Kd3 Ra2 43. Rxb4 {Precision: White = 43%, Black = 36%.} 1/2-1/2

[Event "XIX Sant Marti Open 2017"]
[Site "Barcelona"]
[Date "2017.07.16"]
[Round "3.7"]
[White "Arvola, Benjamin"]
[Black "Arjun, Kalyan"]
[Result "0-1"]
[WhiteElo "2469"]
[BlackElo "2347"]
[Annotator "TA"]
[PlyCount "80"]
[EventDate "2017.??.??"]
[EventType "swiss"]
[EventCountry "ESP"]
[SourceTitle "playchess.com"]
[Source "ChessBase"]
[SourceQuality "1"]

{[%evp 25,80,0,22,-37,-40,-48,-27,-33,-39,-47,-51,-63,-29,-89,-89,-156,-55,-131,-138,-146,-141,-186,-191,-272,-266,-304,-295,-317,-283,-277,-271,-267,-290,-359,-383,-418,-418,-413,-397,-485,-402,-364,-360,-811,-702,-689,-672,-1308,-1250,-2919,-2789,-29987,-29988,-29988,-29989,-29989,-29990]} 1. d4 d5 2. c4 c6 3. Nf3 Nf6 4. Nc3 e6 5. e3 Nbd7 6. Qc2 Bd6 7. b3 O-O 8. Be2 b6 9. O-O Bb7 10. Bb2 Qe7 11. Rad1 Rad8 12. Rfe1 Rfe8 13. Bf1 {D45: Semi-Slav: 5 e3} e5 {[#] LiveBook: 20 Games} 14. g3 $146 (14. cxd5 $11 Nxd5 15. Nxd5 cxd5 16. dxe5 Nxe5 17. Nxe5 Bxe5 18. Bb5) ({Find the theoretical novelty and annotate with similar games:} 14. dxe5 Nxe5 15. Nxe5 Bxe5 16. cxd5 cxd5 17. Nb5 Rc8 18. Qb1 d4 19. h3 Ng4 20. hxg4 Qh4 21. f4 dxe3 22. Rxe3 Bxf4 23. Rh3 Qxh3 24. gxh3 Be3+ 25. Kh2 Bf4+ 26. Kg1 {½-½ (26) Wang,H (2698)-Ding,L (2781) Danzhou 2017}) 14... e4 $15 15. Nd2 {Black is slightly better.} a6 16. Bg2 Ng4 17. Nf1 f5 {[%cal Bf7f5,Bf5e4][%mdl 32]} 18. Rc1 g5 19. Bh3 (19. f3 $11 {keeps the balance.} Ngf6 20. Nd2) 19... h5 $17 20. f3 (20. Bg2 $142) 20... Nh6 (20... exf3 $17 {Hoping for ...f2+.} 21. Bxg4 hxg4 22. Qxf5 Qf6 23. Qxf6 Nxf6) 21. fxe4 (21. f4 $15) 21... fxe4 ({Much less strong is} 21... dxe4 22. Bg2 $15) 22. Bxd7 Rxd7 ({Resist} 22... Qxd7 23. Na4 $15) 23. Na4 Bc7 24. b4 (24. Nc3 $142) 24... Qe6 $19 ({Weaker is} 24... Qxb4 25. c5 $17) 25. cxd5 cxd5 26. Qe2 g4 {[%cal Bg5g4,Bg4h3][%mdl 32]} 27. Rc2 Nf7 28. Rec1 Bd8 29. h4 gxh3 30. Qxh5 Ng5 {[#] Threatens to win with ...Nf3+.} 31. Nh2 Rf8 32. Rf1 Rxf1+ 33. Kxf1 Rh7 34. Qd1 $2 (34. Qg4) 34... Qd6 35. Qg4 Bc6 {[%cal Bb7c6,Bc6d7,Bd7b5,Bb5c4][%mdl 32] [#] Strongly threatening ...Rf7+.} 36. Nc3 Bd7 37. Qe2 Qxg3 38. Nxd5 Rf7+ {Black mates.} 39. Nf4 Bb5 40. Rc4 Bxc4 {Precision: White = 20%, Black = 70%.} 0-1

[Event "XIX Sant Marti Open 2017"]
[Site "Barcelona"]
[Date "2017.07.16"]
[Round "3.8"]
[White "Salinas Herrera, Pablo"]
[Black "Debarshi, Mukherjee"]
[Result "0-1"]
[WhiteElo "2438"]
[BlackElo "2301"]
[Annotator "TA"]
[PlyCount "82"]
[EventDate "2017.??.??"]
[EventType "swiss"]
[EventCountry "ESP"]
[SourceTitle "playchess.com"]
[Source "ChessBase"]
[SourceQuality "1"]

{[%evp 10,82,32,15,27,27,18,20,25,0,20,-8,-4,-28,-12,-37,-38,-32,0,0,0,0,0,0,0,-10,0,-73,-66,-75,-22,-38,-10,-31,23,-11,0,-10,-24,-20,9,11,25,9,17,6,12,6,7,14,11,-36,0,-75,44,-43,-34,-23,-31,-239,0,0,0,0,0,-814,-813,-1408,-1251,-5716,-9839,-5165,-5612,-5189,-1125]} 1. e4 c5 2. Nf3 d6 3. d4 cxd4 4. Nxd4 Nf6 5. Nc3 a6 6. Nb3 e6 {B90: Sicilian Najdorf: Unusual White 6th moves, 6 Be3 Ng4 and 6 Be3 e5} (6... e5 7. Bg5 Be7 8. Bxf6 Bxf6 9. Qd3 Be6 10. O-O-O Be7 11. Nd5 Bxd5 12. Qxd5 Qc7 13. Kb1 O-O 14. Na5 Nc6 15. Nc4 Rad8 {1-0 (50) Grischuk,A (2737)-Nepomniachtchi,I (2767) Doha 2016}) 7. g4 b5 8. Bg2 Bb7 {The position is equal.} 9. g5 Nfd7 {[%cal Bf6d7,Bd7e5,Be5c4][%mdl 32]} 10. Be3 Ne5 11. Qe2 Nc4 12. O-O-O Nd7 13. f4 Be7 (13... Rc8 {looks sharper.} 14. Bd4 e5 15. fxe5 Qxg5+ 16. Kb1 dxe5 17. Ba7 Bd6) 14. h4 {[#]} Nxe3 $146 ({Find the theoretical novelty and annotate with similar games:} 14... Rc8) 15. Qxe3 b4 16. Ne2 a5 17. Nbd4 Qb6 18. Rh3 (18. Kb1 $11) 18... g6 $1 $17 19. h5 {[#] aiming for hxg6.} O-O-O (19... Rg8 $1 $17 20. Qd2 Nc5 21. hxg6 hxg6) 20. Nb3 {Strongly threatening Qxb6.} Kc7 21. Qg3 Nc5 (21... Ba6 $15 22. Bf1 a4) 22. Nd2 Ba6 23. Bf1 Kb8 24. Kb1 Ka7 25. Nc1 Bb7 26. Bg2 d5 {[%cal Rd5e4]} 27. hxg6 hxg6 {[%cal Rc5e4]} 28. Rxh8 Rxh8 29. exd5 exd5 30. Ncb3 Ne6 (30... a4 $5 {[%cal Ra4b3]} 31. Nxc5 Bxc5 $15) 31. Nc1 (31. Nf3 $11 {keeps the balance.}) 31... a4 {[#]} (31... Rc8 $17 {And now ...Qc6 would win.} 32. Nd3 Nd4) 32. Nf1 ({Better is} 32. Nc4 $1 $14 {[%mdl 512]} Qc5 (32... dxc4 33. Rd7) 33. Ne5) 32... Bd6 33. Bxd5 Bxf4 34. Qg2 $2 (34. Qe1 $15) 34... Bxd5 $2 ({Less strong is} 34... Bxg5 35. Bxb7 Qxb7 36. Rd5 $17) ({Black should play} 34... Rd8 $19 35. Qf3 Qd6 36. Qf2+ Qc5 37. Qxc5+ Nxc5) 35. Rxd5 $11 Rd8 $36 {[%mdl 2048] Black has some pressure.} 36. Nd3 Bxg5 37. Ne5 $2 {[%mdl 8192]} (37. Rxg5 $11 Nxg5 38. Qxg5) 37... Nf4 $1 $19 {[%csl LRd5,LRg2] Black is clearly winning.} 38. Qxg5 Rxd5 {[%cal Rd5d1]} 39. Qe7+ Ka6 {[%cal Rd5d1]} 40. Nd3 Nxd3 41. cxd3 Qd4 {Precision: White = 35%, Black = 45%.} (41... Qf2 $142 42. Ne3 Rxd3 43. Qxb4 Qxe3 44. Qxa4+ Kb6 45. Qb4+ Kc7 46. Qc4+ Kd6 47. Qb4+ Ke6) 0-1

[Event "XIX Sant Marti Open 2017"]
[Site "Barcelona"]
[Date "2017.07.16"]
[Round "3.9"]
[White "Fernandez, Fernando"]
[Black "Akash Pc, Iyer"]
[Result "1-0"]
[WhiteElo "2424"]
[BlackElo "2300"]
[Annotator "TA"]
[PlyCount "85"]
[EventDate "2017.??.??"]
[EventType "swiss"]
[EventCountry "ESP"]
[SourceTitle "playchess.com"]
[Source "ChessBase"]
[SourceQuality "1"]

1. e4 {Program Activation Required} c5 2. Nf3 Nc6 3. d4 cxd4 4. Nxd4 e5 5. Nb5 d6 6. N1c3 a6 7. Na3 Be7 8. Nc4 b5 {B32: Sicilian: Löwenthal and Kalashnikov Variations} 9. Ne3 Nf6 10. g3 O-O 11. Bg2 b4 12. Ncd5 Nxd5 13. exd5 (13. Nxd5 Bg5 14. Bxg5 Qxg5 15. O-O Be6 16. Nc7 {½-½ (34) Morozevich,A (2711)-Moiseenko,A (2692) Berlin 2015}) 13... Nd4 14. O-O a5 $146 ({NOTEXT:} 14... Bd7 15. a3 a5 16. f4 {0-1 (50) Dragun,K (2379)-Potapov,P (2445) Chotowa 2010}) 15. a3 Ba6 16. Re1 f5 17. c3 bxc3 18. bxc3 Nb5 19. Qc2 Rc8 20. Nxf5 Nxc3 21. Nxe7+ Qxe7 22. Qd2 Qd7 23. Re3 Na4 24. Qxa5 Nc5 25. Rc3 Ra8 26. Be3 Rfb8 27. Rxc5 dxc5 28. Qxc5 Rc8 29. Qb6 Bc4 30. Rc1 Rab8 31. Qa5 Bd3 32. Rd1 e4 33. d6 Rb5 34. Qe1 Re8 35. Qc3 Rc8 36. Qe1 Re8 37. Qc3 Rc8 38. Qe1 Re8 39. Qc3 Rc8 40. Qe1 Qxd6 41. Bxe4 Rb3 42. Bf4 Qe6 43. Bxh7+ 1-0

[Event "XIX Sant Marti Open 2017"]
[Site "Barcelona"]
[Date "2017.07.16"]
[Round "3.10"]
[White "Buchenau, Frank"]
[Black "Perez Mitjans, Orelvis"]
[Result "0-1"]
[WhiteElo "2279"]
[BlackElo "2407"]
[Annotator "NA"]
[PlyCount "84"]
[EventDate "2017.??.??"]
[EventType "swiss"]
[EventCountry "ESP"]
[SourceTitle "playchess.com"]
[Source "ChessBase"]
[SourceQuality "1"]
[TimeControl "5400+30"]

1. e4 c5 2. Nf3 g6 3. d4 cxd4 4. Qxd4 Nf6 5. Nc3 Nc6 6. Qa4 d6 7. e5 dxe5 8. Nxe5 Bd7 9. Nxd7 Qxd7 10. Be3 Bg7 11. Be2 O-O 12. O-O a6 13. Rad1 Qf5 14. Rd2 b5 15. Qf4 Qe6 16. Rfd1 Rac8 17. a4 b4 18. Bc4 Qe5 19. Ne2 Qa5 20. b3 Ne5 21. Bb6 Qxb6 22. Qxe5 Ng4 23. Qf4 h5 24. h3 Be5 25. Qf3 Bh2+ 26. Kh1 Ne5 27. Qe4 Nxc4 28. bxc4 Bd6 29. Nf4 Bxf4 30. Qxf4 Qc6 31. Qe5 e6 32. Rd4 Qxa4 33. R1d2 Qa1+ 34. Kh2 Rxc4 35. f4 Rxd4 36. Rxd4 a5 37. Qc5 h4 38. f5 exf5 39. Rxh4 Qf6 40. Rc4 Re8 41. Qxa5 Qd6+ 42. Kg1 Qg3 0-1